00546 2200205 4500001002100000005001700021008004100038035002400079090001800103100002000121245005500141250001800196260003300214300002700247650001500274850001500289980001500304985000600319999001500325YOGYA-0209000003626920090227025114.0 ind  0010-020900000036269 a920bHam PlT aHamid, H. Zahri aPeranan ulama Indonesia dewasa inicH. Zahri Hamid aEd. 1, cet. 1 aYogyakartabBina Usahac1984 av, 58 hlmbilusc21 cm aAlim Ulama aYOPDYOG(B) a11-06-2006 a1 a94P0048245